Rational inattention: A review (Record no. 522847)

000 -LEADER
fixed length control field 01470nam a22001457a 4500
008 - FIXED-LENGTH DATA ELEMENTS--GENERAL INFORMATION
fixed length control field 230607b ||||| |||| 00| 0 eng d
100 ## - MAIN ENTRY--PERSONAL NAME
Personal name Macknowiak, B., Matejka, F. and Wiederhot, M.
245 ## - TITLE STATEMENT
Title Rational inattention: A review
260 ## - PUBLICATION, DISTRIBUTION, ETC. (IMPRINT)
Place of publication, distribution, etc Journal of Economic Literature
300 ## - PHYSICAL DESCRIPTION
Extent 5(1), Jan- Mar, 2023: p.226-273
520 ## - SUMMARY, ETC.
Summary, etc We review the recent literature on rational inattention, identify the main theoretical mechanisms, and explain how it helps us understand a variety of phenomena across fields of economics. The theory of rational inattention assumes that agents cannot process all available information, but they can choose which exact pieces of information to attend to. Several important results in economics have been built around imperfect information. Nowadays, many more forms of information than ever before are available due to new technologies, and yet we are able to digest little of it. Which form of imperfect information we possess and act upon is thus largely determined by which information we choose to pay attention to. These choices are driven by current economic conditions and imply behavior that features numerous empirically supported departures from standard models. Combining these insights about human limitations with the optimizing approach of neoclassical economics yields a new, generally applicable model.- Reproduced
773 ## - HOST ITEM ENTRY
Main entry heading Journal of Economic Literature
906 ## - LOCAL DATA ELEMENT F, LDF (RLIN)
Subject DIP DECISION MAKING
942 ## - ADDED ENTRY ELEMENTS (KOHA)
Item type Articles
Holdings
Withdrawn status Lost status Source of classification or shelving scheme Damaged status Not for loan Permanent location Current location Date acquired Serial Enumeration / chronology Barcode Date last seen Koha item type
          Indian Institute of Public Administration Indian Institute of Public Administration 2023-06-07 5(1), Jan- Mar, 2023: p.226-273 AR128903 2023-06-07 Articles

Powered by Koha